Golfers to shoot under 60 on major tours - Statistics

General Stats
  • This quiz has been taken 73 times
  • The average score is 4 of 11
Answer Stats
Year Score Tour Answer % Correct
2013 59 PGA Jim Furyk
88%
2016 58 PGA Jim Furyk
88%
2017 59 PGA Justin Thomas
48%
1999 59 PGA David Duval
46%
2010 59 PGA Stuart Appleby
35%
1977 59 PGA Al Geiberger
33%
2017 59 PGA Adam Hadwin
27%
1991 59 PGA Chip Beck
25%
2018 59 PGA Brandt Snedeker
21%
2010 59 PGA Paul Goydos
19%
2018 59 European Jordan Smith
2%
No matching quizzes found
Score Distribution
Percent of People with Each Score
Percentile by Number Answered
Your Score History
You have not taken this quiz